000
00390nam a2200133Ia 4500
008
151001s9999||||xx |||||||||||||| ||und||
100
_a
सरोजिनी शारंगपाणी
245
_a
ब्रम्हास्त्र
250
_a
1
260
_b
रविराज प्रकाशन पुणे
260
_c
1996
300
_a
113
365
_b
21
999
_c
972843
_d
972840